[Event "AUT-chT2M 2324"]
[Site "Austria"]
[Date "2023.12.02"]
[Round "4.4"]
[White "Hiermann, Dietmar"]
[Black "Rohler, Siegfried"]
[Result "1-0"]
[WhiteElo "2200"]
[BlackElo "2021"]
[PlyCount "123"]
[EventDate "2023.11.03"]
[EventType "team-tourn"]
[EventRounds "11"]
[EventCountry "AUT"]
[SourceTitle "CB16_2024"]
[SourceDate "2024.04.17"]
[SourceVersion "1"]
[SourceVersionDate "2024.04.17"]
[SourceQuality "1"]
[WhiteTeam "Sauwald"]
[BlackTeam "Graz Styria"]
[WhiteTeamCountry "AUT"]
[BlackTeamCountry "AUT"]

1. e4 c6 2. d4 d5 3. exd5 cxd5 4. Bd3 Nc6 5. c3 Qc7 6. Ne2 Bg4 7. 0-0 Nf6 8. Qe1 e6 9. f3 Bh5 10. Qh4 Bg6 11. Bxg6 fxg6 12. Nf4 Kf7 13. Nd3 e5 14. Nd2 Re8 15. Nb3 Bd6 16. Bg5 h6 17. Bxf6 gxf6 18. dxe5 fxe5 19. Rad1 Qe7 20. Qh3 Kg7 21. Ndc1 Qf7 22. g3 Rhf8 23. Qg2 Qe6 24. Qd2 Ne7 25. Kg2 Nf5 26. Rfe1 e4 27. fxe4 dxe4 28. Nd4 Nxd4 29. Qxd4+ Qf6 30. Qxf6+ Rxf6 31. Rf1 Rxf1 32. Kxf1 Rf8+ 33. Ke1 Rf6 34. Nb3 h5 35. Rd4 Re6 36. Ke2 Kf6 37. Nd2 Kf5 38. Nc4 Bc7 39. Ne3+ Ke5 40. Rd5+ Kf6 41. Rd7 Bb6 42. Rxb7 Kg5 43. h4+ Kh6 44. Nd5 Bc5 45. Nf4 Rf6 46. Nh3 Rb6 47. Rxb6 Bxb6 48. Ng5 e3 49. b4 Kg7 50. c4 Kf6 51. c5 Bc7 52. Kxe3 Kf5 53. Kf3 Ke5 54. b5 Kd5 55. c6 Be5 56. Nf7 Bc7 57. Nh8 Kc5 58. Nxg6 Kxb5 59. Nf4 Kxc6 60. Nxh5 Kb5 61. g4 Ka4 62. g5 1-0

[Event "Schilcherland op 3rd"]
[Site "Deutschlandsberg"]
[Date "2019.12.29"]
[Round "3"]
[White "Fauland, Peter"]
[Black "Rohler, Siegfried"]
[Result "1-0"]
[WhiteElo "2184"]
[BlackElo "2170"]
[PlyCount "109"]
[EventDate "2019.12.28"]
[EventType "swiss"]
[EventRounds "9"]
[EventCountry "AUT"]
[SourceTitle "CBM 194 Extra"]
[Source "ChessBase"]
[SourceDate "2020.03.31"]
[SourceVersion "1"]
[SourceVersionDate "2020.03.31"]
[SourceQuality "1"]

1. Nf3 Nf6 2. g3 d5 3. d4 g6 4. Bg2 Bg7 5. 0-0 0-0 6. c4 dxc4 7. Qc2 Bf5 8. Qxc4 Nbd7 9. Nc3 Nb6 10. Qb3 Ne4 11. Nd2 Nxd2 12. Bxd2 Qxd4 13. Be3 Qc4 14. Bxb7 Rab8 15. Bd5 Qxb3 16. Bxb3 Rfc8 17. Bc5 Nd7 18. Bxa7 Rb7 19. Be3 c5 20. Rac1 Nb6 21. Rfd1 c4 22. Bc2 Bxc2 23. Rxc2 Bxc3 24. bxc3 Na4 25. f4 f6 26. Kf2 Kf7 27. Kf3 Ra8 28. h3 Ra5 29. Rd4 Rb2 30. Rxb2 Nxb2 31. Bc1 e5 32. fxe5 fxe5 33. Re4 Rxa2 34. Bxb2 Rxb2 35. Rxe5 Rc2 36. Re3 Kf6 37. Ke4 Rd2 38. Rf3+ Ke6 39. Ke3 Rc2 40. Kd4 Rxe2 41. Kxc4 Ke5 42. Kc5 Ke4 43. Rf7 Kd3 44. Rxh7 Kxc3 45. Rg7 Re6 46. Kd5 Ra6 47. Ke4 Kd2 48. Kf3 Ke1 49. g4 Kf1 50. h4 Rf6+ 51. Kg3 Ke2 52. g5 Re6 53. Rf7 Re3+ 54. Kg4 Re4+ 55. Rf4 1-0

[Event "Schilcherland op 3rd"]
[Site "Deutschlandsberg"]
[Date "2019.12.29"]
[Round "2"]
[White "Rohler, Siegfried"]
[Black "Spalir, Jernej"]
[Result "1/2-1/2"]
[WhiteElo "2170"]
[BlackElo "2429"]
[PlyCount "76"]
[EventDate "2019.12.28"]
[EventType "swiss"]
[EventRounds "9"]
[EventCountry "AUT"]
[SourceTitle "CBM 194 Extra"]
[Source "ChessBase"]
[SourceDate "2020.03.31"]
[SourceVersion "1"]
[SourceVersionDate "2020.03.31"]
[SourceQuality "1"]

1. e4 c6 2. d4 d5 3. Nc3 dxe4 4. Nxe4 Bf5 5. Ng3 Bg6 6. h4 h6 7. Nf3 Nd7 8. h5 Bh7 9. Bd3 Bxd3 10. Qxd3 e6 11. Bf4 Qa5+ 12. Bd2 Qc7 13. 0-0-0 Ngf6 14. Qe2 Be7 15. Ne5 0-0 16. Ng6 Rfe8 17. Nxe7+ Rxe7 18. Rh4 Ree8 19. Ne4 e5 20. dxe5 Qxe5 21. Bc3 Qf5 22. Qf3 Qxf3 23. gxf3 Nd5 24. Bd4 Ne5 25. Nd6 Nxf3 26. Nxe8 Nxh4 27. Nxg7 f6 28. Ne6 Kf7 29. Nc5 b6 30. Ne4 f5 31. Nd6+ Ke6 32. Nc4 Nf3 33. Bg7 Rg8 34. Bxh6 Rh8 35. Bg7 Rxh5 36. Nd2 Nxd2 37. Kxd2 Rh4 38. Re1+ Kf7 1/2-1/2

[Event "Steyr Landesliga 1920"]
[Site "Austria"]
[Date "2019.10.19"]
[Round "3.3"]
[White "Wegerer, Fred"]
[Black "Rohler, Siegfried"]
[Result "0-1"]
[WhiteElo "2171"]
[BlackElo "2153"]
[PlyCount "110"]
[EventDate "2019.09.28"]
[EventType "team-tourn"]
[EventRounds "11"]
[EventCountry "AUT"]
[SourceTitle "CBM 193 Extra"]
[Source "ChessBase"]
[SourceDate "2020.01.31"]
[SourceVersion "1"]
[SourceVersionDate "2020.01.31"]
[SourceQuality "1"]
[WhiteTeam "Graz Austria"]
[BlackTeam "Graz Styria"]
[WhiteTeamCountry "AUT"]
[BlackTeamCountry "AUT"]

1. Nf3 Nf6 2. c4 d5 3. cxd5 Nxd5 4. Nc3 Nxc3 5. bxc3 c5 6. g3 g6 7. h4 Bg7 8. h5 Nc6 9. Bg2 Qd5 10. Bb2 c4 11. Rh2 Qb5 12. Qc1 gxh5 13. a4 Qa5 14. Nd4 Bd7 15. Bf3 Ne5 16. Bxh5 0-0-0 17. Qc2 Ng4 18. Rh4 f5 19. Bxg4 fxg4 20. Qe4 Qe5 21. Qxe5 Bxe5 22. Nc2 h5 23. Ne3 Bf6 24. Rh2 h4 25. gxh4 Bxh4 26. Rg2 Rdf8 27. 0-0-0 Rxf2 28. Rxg4 Bxg4 29. Nxg4 Rxe2 30. Ne3 Bg5 31. Nxc4 Rh4 32. Na3 Rxa4 33. Kc2 Rg4 34. c4 Rgg2 35. Bc3 Bf6 36. Nb1 Bxc3 37. Nxc3 Ref2 38. Nd5 e6 39. Ne3 Rg3 40. Kd3 Rg7 41. Ke4 Rh2 42. d4 Rh4+ 43. Ke5 Kd7 44. d5 exd5 45. Nf5 Rh5 46. Rxd5+ Ke8 47. Ke6 Rg6+ 48. Ke5 Rgg5 49. Ke6 Rxf5 50. Rxf5 Rxf5 51. Kxf5 Kd7 52. Ke5 Kc6 53. Kd4 a5 54. Kc3 Kc5 55. Kb3 b6 0-1

[Event "Steyr Landesliga 1819"]
[Site "Austria"]
[Date "2019.04.06"]
[Round "11.3"]
[White "Leisenberger, Harald"]
[Black "Rohler, Siegfried"]
[Result "1/2-1/2"]
[WhiteElo "2105"]
[BlackElo "2166"]
[PlyCount "94"]
[EventDate "2018.10.06"]
[EventType "team-tourn"]
[EventRounds "11"]
[EventCountry "AUT"]
[SourceTitle "EXT 2021"]
[Source "ChessBase"]
[SourceDate "2020.10.23"]
[SourceVersion "1"]
[SourceVersionDate "2020.10.23"]
[SourceQuality "1"]
[WhiteTeam "Gratwein Strassengel"]
[BlackTeam "Graz Styria"]
[WhiteTeamCountry "AUT"]
[BlackTeamCountry "AUT"]

1. d4 Nf6 2. c4 c5 3. d5 b5 4. cxb5 a6 5. bxa6 Bxa6 6. Nc3 g6 7. Nf3 Bg7 8. e4 Bxf1 9. Kxf1 d6 10. g3 0-0 11. Kg2 Nbd7 12. a4 Ra6 13. Qc2 Qa8 14. Nb5 Ne8 15. Rd1 Nb6 16. Nc3 Bxc3 17. Qxc3 Nxa4 18. Qc2 Nf6 19. b3 Nb6 20. Bb2 Rc8 21. Nd2 Rxa1 22. Rxa1 Qb7 23. Qc3 Nbd7 24. Ra4 Rb8 25. f3 Qb5 26. Qc4 Qxc4 27. Rxc4 e6 28. dxe6 fxe6 29. Ra4 d5 30. Ba3 Nb6 31. Ra6 c4 32. Bb2 Nfd7 33. Bd4 e5 34. Bxb6 Rxb6 35. Rxb6 Nxb6 36. bxc4 dxc4 37. Kf2 Kf7 38. Ke2 g5 39. Nf1 Ke6 40. Kd2 Kd6 41. Ne3 Kc5 42. Kc3 Na4+ 43. Kc2 h5 44. h4 gxh4 45. gxh4 c3 46. Nf5 Kc4 47. Ne3+ Kd4 1/2-1/2

[Event "Steyr Landesliga 1617"]
[Site "Austria"]
[Date "2016.10.01"]
[Round "1.4"]
[White "Rohler, Siegfried"]
[Black "Wilfling, Hermann"]
[Result "1/2-1/2"]
[WhiteElo "2168"]
[BlackElo "2152"]
[PlyCount "88"]
[EventDate "2016.10.01"]
[EventType "team-tourn"]
[EventRounds "11"]
[EventCountry "AUT"]
[SourceTitle "CBM 175 Extra"]
[Source "ChessBase"]
[SourceDate "2016.12.12"]
[SourceVersion "1"]
[SourceVersionDate "2016.12.12"]
[SourceQuality "1"]
[WhiteTeam "Styria"]
[BlackTeam "Feldbach Kirchberg"]
[WhiteTeamCountry "AUT"]
[BlackTeamCountry "AUT"]

1. d4 Nf6 2. Nf3 g6 3. c4 Bg7 4. Nc3 0-0 5. e4 d6 6. Be2 e5 7. 0-0 Nc6 8. d5 Ne7 9. b4 Nd7 10. a4 f5 11. Ng5 Nf6 12. f3 f4 13. c5 Kh8 14. cxd6 cxd6 15. Ba3 h6 16. Ne6 Bxe6 17. dxe6 Rc8 18. Nd5 Nfxd5 19. exd5 Nf5 20. Rf2 Ne3 21. Qd3 e4 22. Qxe4 Bxa1 23. e7 Qe8 24. exf8Q+ Qxf8 25. Bd3 Qf6 26. Qxg6 Qxg6 27. Bxg6 Kg7 28. Be4 Kf6 29. g3 Ke5 30. b5 fxg3 31. hxg3 Bd4 32. Bb2 Bxb2 33. Rxb2 Nxd5 34. Rd2 Nc3 35. Bxb7 Rc7 36. f4+ Ke6 37. Bf3 Nxa4 38. Rh2 Rc1+ 39. Kf2 Rc2+ 40. Be2 Nc3 41. Kf3 Ke7 42. Ke3 Rb2 43. g4 Nd5+ 44. Ke4 Nc3+ 1/2-1/2

[Event "Steyr Landesliga 1516"]
[Site "Austria"]
[Date "2016.04.23"]
[Round "11.3"]
[White "Schieder, Andreas"]
[Black "Rohler, Siegfried"]
[Result "0-1"]
[WhiteElo "2200"]
[BlackElo "2169"]
[PlyCount "72"]
[EventDate "2015.09.26"]
[EventType "team-tourn"]
[EventRounds "11"]
[EventCountry "AUT"]
[SourceTitle "EXT 2017"]
[Source "ChessBase"]
[SourceDate "2016.10.25"]
[SourceVersion "1"]
[SourceVersionDate "2016.10.25"]
[SourceQuality "1"]
[WhiteTeam "Pinggau Friedberg"]
[BlackTeam "Graz Styria"]
[WhiteTeamCountry "AUT"]
[BlackTeamCountry "AUT"]

1. e4 g6 2. h4 d5 3. exd5 Nf6 4. h5 Nxh5 5. Nc3 Bg7 6. Bc4 c6 7. Rxh5 gxh5 8. Qxh5 cxd5 9. Nxd5 e6 10. Nf4 Qd4 11. d3 Qe5+ 12. Nge2 Nc6 13. c3 Bd7 14. Qf3 0-0-0 15. Nh5 Qh2 16. Nxg7 Qh1+ 17. Kd2 Qh6+ 18. Kc2 Qxg7 19. d4 Na5 20. Bd3 Bc6 21. Qh5 Rd5 22. Qh4 Bb5 23. c4 Bxc4 24. Bf4 Bxd3+ 25. Kxd3 Qg6+ 26. Kd2 Nc4+ 27. Kc3 Kd7 28. Bc7 Rc8 29. Nf4 Qe4 30. Qf6 Rf5 31. Qh6 Rxc7 32. Nd3 Ne5+ 33. Nc5+ Rxc5+ 34. dxc5 Qd3+ 35. Kb4 Nc6+ 36. Ka4 b5+ 0-1

[Event "Steyr Landesliga 1516"]
[Site "Austria"]
[Date "2016.03.05"]
[Round "8.3"]
[White "Egger, Andreas"]
[Black "Rohler, Siegfried"]
[Result "0-1"]
[WhiteElo "2111"]
[BlackElo "2169"]
[PlyCount "84"]
[EventDate "2015.09.26"]
[EventType "team-tourn"]
[EventRounds "11"]
[EventCountry "AUT"]
[SourceTitle "EXT 2017"]
[Source "ChessBase"]
[SourceDate "2016.10.25"]
[SourceVersion "1"]
[SourceVersionDate "2016.10.25"]
[SourceQuality "1"]
[WhiteTeam "Spg ISR"]
[BlackTeam "Graz Styria"]
[WhiteTeamCountry "AUT"]
[BlackTeamCountry "AUT"]

1. e4 c5 2. Nf3 Nc6 3. d4 cxd4 4. Nxd4 e5 5. Nb5 d6 6. c4 a6 7. N5c3 Nf6 8. Be2 Nd4 9. Be3 Nxe2 10. Qxe2 Ng4 11. Nd5 Nxe3 12. Nxe3 Be6 13. 0-0 Be7 14. Nc3 Bg5 15. Ned5 0-0 16. Rfd1 Rc8 17. a4 b6 18. b3 g6 19. Rd3 Bxd5 20. Nxd5 Re8 21. g3 Re6 22. Rad1 Rb8 23. Nb4 Qc8 24. Rd5 Bh6 25. Qd3 Bf8 26. Qe3 Kh8 27. Qf3 Be7 28. Qxf7 Qd7 29. Qf3 Rf6 30. Qg2 Rbf8 31. R1d2 Rf3 32. R5d3 Qg4 33. Nd5 Bg5 34. Rxf3 Rxf3 35. Ne3 Qxe4 36. Re2 Bxe3 37. Rxe3 Rxe3 38. fxe3 Qxe3+ 39. Qf2 Qxf2+ 40. Kxf2 a5 41. Ke3 Kg7 42. g4 Kf6 0-1

[Event "Steyr Landesliga 1516"]
[Site "Austria"]
[Date "2015.11.07"]
[Round "4.3"]
[White "Mitter, Gerd"]
[Black "Rohler, Siegfried"]
[Result "1-0"]
[WhiteElo "2184"]
[BlackElo "2169"]
[PlyCount "111"]
[EventDate "2015.09.26"]
[EventType "team-tourn"]
[EventRounds "11"]
[EventCountry "AUT"]
[SourceTitle "CBM 170 Extra"]
[Source "ChessBase"]
[SourceDate "2016.02.25"]
[SourceVersion "1"]
[SourceVersionDate "2016.02.25"]
[SourceQuality "1"]
[WhiteTeam "Trofaiach Niklasdorf"]
[BlackTeam "Graz Styria"]
[WhiteTeamCountry "AUT"]
[BlackTeamCountry "AUT"]

1. Nf3 c5 2. g3 Nc6 3. Bg2 g6 4. 0-0 Bg7 5. c4 d6 6. Nc3 e5 7. d3 Nge7 8. a3 a5 9. Rb1 0-0 10. Nb5 h6 11. Bd2 Be6 12. b4 axb4 13. axb4 cxb4 14. Bxb4 Nxb4 15. Rxb4 d5 16. c5 Qa5 17. Rb1 Rfb8 18. Qe1 b6 19. Nc7 Qxe1 20. Rfxe1 Ra7 21. Rxb6 Rxb6 22. cxb6 Rb7 23. Rb1 Nc8 24. Nd2 Rxb6 25. Bxd5 Rxb1+ 26. Nxb1 Bxd5 27. Nxd5 f5 28. Nd2 Kf7 29. Nc4 Ke6 30. e4 fxe4 31. dxe4 Kd7 32. Kf1 Nd6 33. Nxd6 Kxd6 34. Ke2 Bf8 35. Kd3 Ke6 36. Kc4 Kd6 37. Kb5 h5 38. Nb6 g5 39. Nc4+ Ke6 40. h3 Be7 41. f3 g4 42. fxg4 hxg4 43. h4 Bf8 44. Ne3 Bh6 45. Nf5 Bd2 46. Kc4 Kf6 47. Kd3 Be1 48. Ke2 Bc3 49. Ne3 Kg6 50. Nxg4 Kh5 51. Kf3 Bd4 52. Ne3 Bc3 53. Nf5 Be1 54. g4+ Kg6 55. Ng3 Bd2 56. g5 1-0

[Event "Steyr Landesliga 1415"]
[Site "Austria"]
[Date "2015.04.25"]
[Round "11.3"]
[White "Loebler, Heimo"]
[Black "Rohler, Siegfried"]
[Result "1/2-1/2"]
[WhiteElo "2155"]
[BlackElo "2176"]
[PlyCount "104"]
[EventDate "2014.09.27"]
[EventType "team-tourn"]
[EventRounds "11"]
[EventCountry "AUT"]
[SourceTitle "EXT 2016"]
[Source "ChessBase"]
[SourceDate "2015.10.08"]
[SourceVersion "1"]
[SourceVersionDate "2015.10.08"]
[SourceQuality "1"]
[WhiteTeam "Graz Schachamazonen"]
[BlackTeam "Graz Styria"]
[WhiteTeamCountry "AUT"]
[BlackTeamCountry "AUT"]

1. d4 Nf6 2. Nf3 e6 3. Bf4 b6 4. e3 Bb7 5. Nbd2 c5 6. c3 Nh5 7. Bg5 Be7 8. Bxe7 Qxe7 9. Bd3 cxd4 10. Nxd4 Nf6 11. e4 Nc6 12. Nxc6 dxc6 13. e5 Nd7 14. Nc4 0-0 15. Qe2 Rad8 16. 0-0 Ba6 17. b4 c5 18. a3 f6 19. exf6 Qxf6 20. Qe4 g6 21. Rac1 b5 22. Na5 c4 23. Bb1 Nb6 24. Qe3 Rd7 25. Rfe1 Nd5 26. Qxe6+ Qxe6 27. Rxe6 Nxc3 28. Kf1 Nxb1 29. Rxa6 Nd2+ 30. Kg1 Rc8 31. f3 Rdc7 32. Kf2 Nb3 33. Rd1 Nxa5 34. Rxa5 Rb8 35. Ra6 c3 36. Rad6 c2 37. Rc1 Rbc8 38. Ke3 Kf7 39. Kd2 Ke7 40. Rd3 Kf6 41. f4 Rc4 42. g3 Kf5 43. Rd5+ Ke4 44. Rxb5 Kf3 45. Rd5 h5 46. f5 gxf5 47. Rxf5+ Kg2 48. Rd5 a6 49. Kd3 Rc3+ 50. Kd2 Kxh2 51. Rxh5+ Kxg3 52. Rc5 R8xc5 1/2-1/2

[Event "Steyr Landesliga 1415"]
[Site "Austria"]
[Date "2015.04.11"]
[Round "10.3"]
[White "Rohler, Siegfried"]
[Black "Fabisch, Christian"]
[Result "1/2-1/2"]
[WhiteElo "2176"]
[BlackElo "2122"]
[PlyCount "70"]
[EventDate "2014.09.27"]
[EventType "team-tourn"]
[EventRounds "11"]
[EventCountry "AUT"]
[SourceTitle "EXT 2016"]
[Source "ChessBase"]
[SourceDate "2015.10.08"]
[SourceVersion "1"]
[SourceVersionDate "2015.10.08"]
[SourceQuality "1"]
[WhiteTeam "Graz Styria"]
[BlackTeam "Fuerstenfeld/Hartberg"]
[WhiteTeamCountry "AUT"]
[BlackTeamCountry "AUT"]

1. e4 d5 2. exd5 Qxd5 3. Nc3 Qa5 4. d4 c6 5. Bc4 Nf6 6. Bd2 Bf5 7. Nd5 Qd8 8. Nxf6+ gxf6 9. Nf3 Bg7 10. c3 e6 11. h3 Nd7 12. 0-0 Bg6 13. Re1 0-0 14. Nh4 f5 15. Nxg6 hxg6 16. Qc1 Qh4 17. Bg5 Qh5 18. Bf4 Nf6 19. Be5 Nd5 20. Bxg7 Kxg7 21. Bxd5 cxd5 22. Qf4 Rac8 23. Qe5+ Kg8 24. Qd6 Qg5 25. Qd7 Rb8 26. Rad1 Qd8 27. Qb5 Kg7 28. c4 dxc4 29. d5 exd5 30. Rxd5 Qf6 31. Rc5 a6 32. Qb4 Rfe8 33. Rxe8 Rxe8 34. Rxc4 Re7 35. Rd4 Qe5 1/2-1/2

[Event "AUT-chT2M 1415"]
[Site "Austria"]
[Date "2014.10.04"]
[Round "2.5"]
[White "Rohler, Siegfried"]
[Black "Eder, Matthias"]
[Result "1/2-1/2"]
[WhiteElo "2188"]
[BlackElo "2139"]
[PlyCount "69"]
[EventDate "2014.10.03"]
[EventType "team-tourn"]
[EventRounds "11"]
[EventCountry "AUT"]
[SourceTitle "EXT 2015"]
[Source "ChessBase"]
[SourceDate "2014.11.20"]
[SourceVersion "1"]
[SourceVersionDate "2014.11.20"]
[SourceQuality "1"]
[WhiteTeam "Graz Styria"]
[BlackTeam "Graz Schachfreunde"]
[WhiteTeamCountry "AUT"]
[BlackTeamCountry "AUT"]

1. e4 g6 2. d4 Bg7 3. Nc3 d6 4. f4 a6 5. Nf3 b5 6. Bd3 Nd7 7. e5 c5 8. Be4 Rb8 9. 0-0 cxd4 10. Nxd4 dxe5 11. Nc6 Qb6+ 12. Kh1 Ngf6 13. Nxb8 Qxb8 14. fxe5 Nxe5 15. Bf4 0-0 16. Qe1 Nh5 17. Qh4 Nxf4 18. Qxf4 e6 19. Rae1 Qb6 20. Bd3 Nxd3 21. cxd3 f5 22. a3 Bb7 23. Re2 a5 24. Rfe1 Qc6 25. d4 b4 26. axb4 axb4 27. d5 Qc5 28. Na4 Qa5 29. dxe6 Qxa4 30. Qc4 Re8 31. e7+ Kh8 32. b3 Qd7 33. Qxb4 Be4 34. Rd2 Qxe7 35. Qxe7 1/2-1/2

[Event "AUT-chT2M 1314"]
[Site "Austria"]
[Date "2013.11.16"]
[Round "4.6"]
[White "Posch, Siegfried"]
[Black "Rohler, Siegfried"]
[Result "0-1"]
[WhiteElo "2074"]
[BlackElo "2184"]
[PlyCount "104"]
[EventDate "2013.10.04"]
[EventType "team-tourn"]
[EventRounds "11"]
[EventCountry "AUT"]
[SourceTitle "EXT 2015"]
[Source "ChessBase"]
[SourceDate "2014.11.20"]
[SourceVersion "1"]
[SourceVersionDate "2014.11.20"]
[SourceQuality "1"]
[WhiteTeam "Fuerstenfeld"]
[BlackTeam "Graz Styria"]
[WhiteTeamCountry "AUT"]
[BlackTeamCountry "AUT"]

1. d4 Nf6 2. Nf3 e6 3. c4 Bb4+ 4. Bd2 Bxd2+ 5. Nbxd2 d5 6. e3 0-0 7. Rc1 Nbd7 8. Be2 dxc4 9. Nxc4 b6 10. 0-0 Bb7 11. Nfe5 c5 12. Bf3 Bxf3 13. Qxf3 Nxe5 14. dxe5 Nd5 15. Qg3 Qc7 16. Nd6 Rad8 17. Ne4 f6 18. Nxf6+ Nxf6 19. exf6 Qxg3 20. fxg3 gxf6 21. Rc2 Rd3 22. Kf2 Rfd8 23. Ke2 f5 24. h3 Kg7 25. Rf4 Rd1 26. g4 Kg6 27. gxf5+ exf5 28. Rf1 Rxf1 29. Kxf1 Rd1+ 30. Kf2 Ra1 31. a3 Rb1 32. Kg3 Kg5 33. h4+ Kf6 34. Kf3 Ke5 35. Kf2 Ke4 36. Ke2 Rg1 37. Kf2 Rb1 38. Ke2 Kd5 39. Kf2 c4 40. Kf3 b5 41. Rd2+ Ke5 42. Kf2 a5 43. Ke2 Rc1 44. Kf3 b4 45. axb4 axb4 46. Rd7 b3 47. Rb7 Rf1+ 48. Kg3 Ke4 49. h5 h6 50. Rc7 Kd3 51. Rd7+ Kxe3 52. Kh2 c3 0-1

[Event "Steyr Landesliga 1213"]
[Site "Austria"]
[Date "2013.04.27"]
[Round "10.4"]
[White "Rohler, Siegfried"]
[Black "Almer, Gerald"]
[Result "0-1"]
[WhiteElo "2197"]
[BlackElo "2092"]
[PlyCount "56"]
[EventDate "2012.09.22"]
[EventType "team-tourn"]
[EventRounds "11"]
[EventCountry "AUT"]
[SourceTitle "EXT 2014"]
[Source "ChessBase"]
[SourceDate "2013.11.20"]
[SourceVersion "1"]
[SourceVersionDate "2013.11.20"]
[SourceQuality "1"]
[WhiteTeam "Graz Styria"]
[BlackTeam "Feldbach Kirchberg"]
[WhiteTeamCountry "AUT"]
[BlackTeamCountry "AUT"]

1. e4 g6 2. d4 Bg7 3. Nc3 d6 4. Nf3 a6 5. Bd3 Nd7 6. 0-0 b5 7. a4 b4 8. Na2 c5 9. c3 Bb7 10. dxc5 Nxc5 11. Nxb4 Nf6 12. Re1 Nfxe4 13. Bxe4 Bxe4 14. Bg5 h6 15. Nd2 hxg5 16. Nxe4 Nxe4 17. Rxe4 e6 18. Rc4 a5 19. Nc6 Qd7 20. Qb3 d5 21. Rc5 Rc8 22. Nb8 Qd8 23. Qb5+ Kf8 24. Nd7+ Ke7 25. Nb6 Rb8 26. Rc6 Be5 27. Re1 Kf8 28. Nd7+ Qxd7 0-1

[Event "Steyr Landesliga 1112"]
[Site "Austria"]
[Date "2011.10.29"]
[Round "4.3"]
[White "Rohler, Siegfried"]
[Black "Preis, Wolfgang"]
[Result "0-1"]
[WhiteElo "2207"]
[BlackElo "2180"]
[PlyCount "87"]
[EventDate "2011.09.24"]
[EventType "team-tourn"]
[EventRounds "11"]
[EventCountry "AUT"]
[SourceTitle "EXT 2013"]
[Source "ChessBase"]
[SourceDate "2012.11.22"]
[SourceVersion "1"]
[SourceVersionDate "2012.11.22"]
[SourceQuality "1"]
[WhiteTeam "Graz Styria"]
[BlackTeam "Liezen Admont"]
[WhiteTeamCountry "AUT"]
[BlackTeamCountry "AUT"]

1. e4 e6 2. d3 d5 3. Nd2 Nf6 4. Ngf3 b6 5. g3 dxe4 6. dxe4 Bc5 7. Bd3 Bb7 8. 0-0 Nbd7 9. Qe2 e5 10. Nc4 Qe7 11. Bd2 0-0 12. Bc3 Bd6 13. Rae1 Rfe8 14. Nh4 g6 15. Qd2 Bc5 16. Qg5 Nh5 17. Qh6 Qf8 18. Qxf8+ Bxf8 19. b4 Bh6 20. Nf3 Bg7 21. Nfd2 Rad8 22. f4 exf4 23. Bxg7 Nxg7 24. gxf4 Ne6 25. f5 Nd4 26. e5 Nxf5 27. Bxf5 gxf5 28. Rxf5 Nf8 29. Ne4 Bxe4 30. Rxe4 Ng6 31. h4 Rd1+ 32. Kf2 Re6 33. h5 Ne7 34. Rg5+ Kf8 35. Ne3 Rd2+ 36. Ke1 h6 37. Kxd2 hxg5 38. Ng4 f5 39. Rc4 fxg4 40. Rxc7 Rxe5 41. h6 Kg8 42. Rxa7 g3 43. Ra3 Nf5 44. Rf3 0-1

[Event "Oberwart op 27th"]
[Site "Oberwart"]
[Date "2005.07.15"]
[Round "7"]
[White "Ardeleanu, Alin"]
[Black "Rohler, Siegfried"]
[Result "1-0"]
[WhiteElo "2389"]
[BlackElo "2235"]
[PlyCount "77"]
[EventDate "2005.07.09"]
[EventType "swiss"]
[EventRounds "9"]
[EventCountry "AUT"]
[SourceTitle "CBM 107 Extra"]
[Source "ChessBase"]
[SourceDate "2005.09.01"]
[SourceVersion "1"]
[SourceVersionDate "2005.09.01"]
[SourceQuality "1"]

1. e4 e6 2. d4 d5 3. Nc3 Nf6 4. Bg5 Be7 5. e5 Nfd7 6. Bxe7 Qxe7 7. f4 a6 8. Qd2 c5 9. Nf3 Nc6 10. dxc5 Nxc5 11. 0-0-0 b5 12. Nd4 Bb7 13. Kb1 0-0 14. Qe3 b4 15. Nce2 Na5 16. Ng3 g6 17. f5 Rfc8 18. f6 Qf8 19. h4 h6 20. Bd3 Nc4 21. Bxc4 dxc4 22. Nf3 c3 23. Rd4 Bxf3 24. gxf3 cxb2 25. h5 g5 26. f4 Na4 27. Ne4 Nc3+ 28. Nxc3 Rxc3 29. Qe4 Rac8 30. Rh2 Rg3 31. Rhd2 a5 32. f5 Rg1+ 33. Kxb2 a4 34. fxe6 a3+ 35. Kb3 Rg3+ 36. R4d3 Rxd3+ 37. Rxd3 Qc5 38. exf7+ Kxf7 39. Rf3 1-0

[Event "Graz op"]
[Site "Graz"]
[Date "2002.??.??"]
[Round "3"]
[White "Babula, Vlastimil"]
[Black "Rohler, Siegfried"]
[Result "1-0"]
[WhiteElo "2551"]
[BlackElo "2253"]
[PlyCount "51"]
[EventDate "2002.??.??"]
[EventType "swiss"]
[EventRounds "9"]
[EventCountry "AUT"]
[SourceTitle "EXT 2003"]
[Source "ChessBase"]
[SourceDate "2002.11.25"]
[SourceVersion "1"]
[SourceVersionDate "2002.11.25"]
[SourceQuality "1"]

1. d4 Nf6 2. c4 c5 3. d5 b5 4. cxb5 a6 5. e3 axb5 6. Bxb5 Qa5+ 7. Nc3 Ba6 8. Bxa6 Nxa6 9. Nf3 g6 10. 0-0 d6 11. e4 Bg7 12. e5 dxe5 13. Nxe5 0-0 14. Re1 Nb4 15. a3 c4 16. Nxc4 Qd8 17. d6 exd6 18. Be3 Nc6 19. Nxd6 Ne5 20. Bg5 Qa5 21. Bf4 Nfd7 22. Qe2 Rfb8 23. Rad1 Qb6 24. Nc4 Nxc4 25. Bxb8 Nxb2 26. Rxd7 1-0

[Event "Graz op"]
[Site "Graz"]
[Date "2002.??.??"]
[Round "7"]
[White "Fuchs, Stefan"]
[Black "Rohler, Siegfried"]
[Result "0-1"]
[WhiteElo "2118"]
[BlackElo "2253"]
[PlyCount "44"]
[EventDate "2002.??.??"]
[EventType "swiss"]
[EventRounds "9"]
[EventCountry "AUT"]
[SourceTitle "EXT 2003"]
[Source "ChessBase"]
[SourceDate "2002.11.25"]
[SourceVersion "1"]
[SourceVersionDate "2002.11.25"]
[SourceQuality "1"]

1. e4 Nf6 2. e5 Nd5 3. d4 d6 4. c4 Nb6 5. Nf3 g6 6. exd6 cxd6 7. Be3 Bg7 8. Bd3 Nc6 9. Nbd2 0-0 10. a3 e5 11. d5 Ne7 12. Qb3 Nd7 13. Ng1 b6 14. f3 Nc5 15. Bxc5 bxc5 16. Ne2 Bh6 17. Ng3 Bd7 18. Qc2 Be3 19. Ke2 Bd4 20. Nb3 Ba4 21. h4 Rb8 22. h5 Rxb3 0-1

[Event "Graz op"]
[Site "Graz"]
[Date "2002.??.??"]
[Round "8"]
[White "Rohler, Siegfried"]
[Black "Baumegger, Siegfried"]
[Result "0-1"]
[WhiteElo "2253"]
[BlackElo "2382"]
[PlyCount "34"]
[EventDate "2002.??.??"]
[EventType "swiss"]
[EventRounds "9"]
[EventCountry "AUT"]
[SourceTitle "EXT 2003"]
[Source "ChessBase"]
[SourceDate "2002.11.25"]
[SourceVersion "1"]
[SourceVersionDate "2002.11.25"]
[SourceQuality "1"]

1. e4 e5 2. Nf3 Nc6 3. d4 exd4 4. Nxd4 Nf6 5. Nxc6 bxc6 6. e5 Qe7 7. Qe2 Nd5 8. g3 a5 9. Bg2 Ba6 10. c4 Nb6 11. Nd2 Qe6 12. b3 Bb4 13. 0-0 0-0 14. f4 Bc3 15. Ba3 Bxa1 16. Bxf8 Bd4+ 17. Kh1 Rxf8 0-1